Lista największych państw w historii - Statystyki

Ogólne statystyki
  • Ten quiz został rozwiązany 26 razy
  • Średni wynik to 2 z 15
Statystyki odpowiedzi
Ludność w mln (rok) Nazwa imperium % Poprawnych
146,1 (2022) Rosja
82%
286 (1989) Związek Radziecki
36%
33,5 (2005) Kanada
23%
458 (w 1938) Brytyjskie imperium kolonialne
18%
176,4 w (1913) Imperium Rosyjskie
18%
150,9 (1938) Francuskie imperium kolonialne
9%
68,2 (1740–1790) Hiszpańskie imperium kolonialne
9%
brak dokładnych danych demograficznych Portugalskie imperium kolonialne
9%
432,2 (1851) Cesarstwo Qing
5%
1347 (1999-teraz) Chińska Republika Ludowa
5%
50 (850) Kalifat Abbasydów
5%
4 (1822–1825) Cesarstwo Brazylii
0%
62 (w wieku VIII) Kalifat Umajjadów
0%
141,4 (1946) Stany Zjednoczone Ameryki
0%
110,0 (w XIII w.) Wielki Ułus Mongołów
0%
Nie znaleziono quizów pasujących do podanych kryteriów
Rozkład punktacji
Procent ludzi z każdym wynikiem
Percentyl według liczby udzielonych odpowiedzi
Twoja historia wyników
Nie rozwiązałeś tego quizu